000 00275nam a2200121 a 4500
008 100917s1989|||| d
245 1 0 _aSvetová výstava
100 1 _aDoctorow, E.L.
260 _bSmena
_aBratislava
_c1989
020 _c29
044 _axo
_cSK
041 _aslo
999 _c10465
_d10465